[Event "11. Europa ch 2010 Femenino"]
[Site "Rijeka CRO"]
[Date "2010.03.08"]
[Round "3.4"]
[White "Kovanova, Baira"]
[Black "Socko, Monika"]
[Result "0-1"]
[WhiteElo "2385"]
[BlackElo "2465"]
[PlyCount "258"]
[EventDate "2010.03.06"]
[EventType "swiss"]
[EventRounds "11"]
[EventCountry "CRO"]
[Source "lmi"]
[SourceDate "2010.03.06"]

1. e4 c5 2. Nf3 Nc6 3. Bb5 e6 4. Bxc6 bxc6 5. O-O Ne7 6. d3 Ng6 7. Nc3 d5 8. b3
Bd6 9. Ba3 O-O 10. Re1 f6 11. Na4 Qe7 12. Qd2 Rb8 13. c4 e5 14. h3 Nf4 15. exd5
Qf7 16. Bxc5 Bxc5 17. Nxc5 Bxh3 18. g3 cxd5 19. d4 Qh5 20. Nh2 Rbd8 21. dxe5
fxe5 22. Qe3 Rde8 23. gxf4 Rxf4 24. Kh1 Bg4 25. Kg2 Ref8 26. Nd3 Bf3+ 27. Nxf3
Qg4+ 28. Kf1 Qh3+ 29. Ke2 Rxf3 30. Qxa7 Rxd3 31. Rg1 Qf3+ 32. Kf1 g6 33. Qb6
Qh3+ 34. Ke1 Qf5 35. cxd5 Rxd5 36. Rc1 Rd4 37. Rg2 Rh4 38. Rg1 Rh2 39. Rc2 Qxc2
40. Qe6+ Rf7 41. Qe8+ Kg7 42. Qxe5+ Rf6 43. Qe7+ Rf7 44. Qe5+ Kf8 45. Qb8+ Ke7
46. Qxh2 Qb1+ 47. Ke2 Qxa2+ 48. Kf1 Qb1+ 49. Kg2 Qe4+ 50. Kf1 Kf8 51. Qd6+ Re7
52. Qd1 Kf7 53. Qg4 Qd3+ 54. Kg2 Qxb3 55. Rc1 Qd5+ 56. Qf3+ Qxf3+ 57. Kxf3 h5
58. Kg3 Kf6 59. Rc5 Re5 60. Rc6+ Kf5 61. Rc8 Ra5 62. f3 Kg5 63. Rc4 Rf5 64. f4+
Kh6 65. Rc3 Rd5 66. Rb3 Kg7 67. Ra3 Kf6 68. Rb3 Kf5 69. Ra3 Ke4 70. Ra6 Rd3+
71. Kg2 Kf5 72. Kh2 Rf3 73. Kg2 Rxf4 74. Kg3 Re4 75. Ra5+ Re5 76. Ra8 Re3+ 77.
Kg2 g5 78. Ra2 g4 79. Ra8 h4 80. Rf8+ Ke4 81. Re8+ Kd3 82. Rg8 Rg3+ 83. Kf2
Rf3+ 84. Kg1 g3 85. Rh8 Rf4 86. Kg2 Ke3 87. Re8+ Re4 88. Rf8 Rd4 89. Kh3 Rf4
90. Ra8 Rd4 91. Re8+ Kf2 92. Rf8+ Ke3 93. Re8+ Kd3 94. Rg8 Re4 95. Rf8 Re1 96.
Rd8+ Ke2 97. Kg2 Ke3 98. Re8+ Kd2 99. Rd8+ Kc3 100. Rc8+ Kd4 101. Rd8+ Kc5 102.
Rd2 Re4 103. Kh3 Rd4 104. Re2 Kd5 105. Re8 Re4 106. Rd8+ Ke5 107. Re8+ Kf5 108.
Ra8 Kf6 109. Ra2 Rf4 110. Ra6+ Kg5 111. Ra5+ Rf5 112. Ra4 Rf4 113. Ra5+ Kf6
114. Ra6+ Ke5 115. Ra5+ Kd6 116. Ra6+ Kc5 117. Ra2 Kb4 118. Re2 Kc3 119. Ra2
Rd4 120. Ra3+ Kd2 121. Ra8 Ke3 122. Re8+ Kf3 123. Rf8+ Rf4 124. Ra8 Kf2 125.
Ra4 Rf3 126. Ra2+ Kg1 127. Ra1+ Rf1 128. Ra2 Kh1 129. Rg2 Rf2 0-1

[Event "11. Europa ch 2010 Femenino"]
[Site "Rijeka CRO"]
[Date "2010.03.08"]
[Round "3.5"]
[White "Bodnaruk, Anastasia"]
[Black "Skripchenko, Almira"]
[Result "1/2-1/2"]
[WhiteElo "2384"]
[BlackElo "2456"]
[PlyCount "66"]
[EventDate "2010.03.06"]
[EventType "swiss"]
[EventRounds "11"]
[EventCountry "CRO"]
[Source "lmi"]
[SourceDate "2010.03.06"]

1. e4 e5 2. Nf3 Nc6 3. Bc4 Nf6 4. d3 Bc5 5. O-O d6 6. c3 Bb6 7. Bb3 h6 8. Nbd2
O-O 9. Nc4 Be6 10. Re1 Ne7 11. a4 Bxc4 12. dxc4 a5 13. Bc2 Ng6 14. g3 Qd7 15.
Kg2 Rad8 16. h3 Rfe8 17. Nh2 Qe6 18. b3 c6 19. Ng4 Ne7 20. f4 exf4 21. gxf4
Nxg4 22. hxg4 Qf6 23. Qf3 Ng6 24. Qg3 Nh4+ 25. Kh3 g5 26. Bd2 Ng6 27. Rf1 gxf4
28. Bxf4 Nxf4+ 29. Rxf4 Qg7 30. Raf1 Rd7 31. Rf5 Bd8 32. Rd1 Bc7 33. Qf3 Re6
1/2-1/2

[Event "11. Europa ch 2010 Femenino"]
[Site "Rijeka CRO"]
[Date "2010.03.08"]
[Round "3.7"]
[White "Sedina, Elena"]
[Black "Muzychuk, Mariya"]
[Result "1/2-1/2"]
[WhiteElo "2334"]
[BlackElo "2444"]
[PlyCount "81"]
[EventDate "2010.03.06"]
[EventType "swiss"]
[EventRounds "11"]
[EventCountry "CRO"]
[Source "lmi"]
[SourceDate "2010.03.06"]

1. e4 c5 2. Nf3 e6 3. c3 d5 4. exd5 exd5 5. d4 Nc6 6. Bb5 Bd6 7. dxc5 Bxc5 8.
O-O Nge7 9. Nbd2 O-O 10. Nb3 Bb6 11. Re1 Qd6 12. Be3 Bxe3 13. Rxe3 Ng6 14. Bxc6
bxc6 15. Qd4 Nf4 16. Qe5 Qh6 17. Nc5 Ne6 18. Nxe6 Bxe6 19. Nd4 c5 20. Nxe6 fxe6
21. Qxe6+ Qxe6 22. Rxe6 Rab8 23. Re2 d4 24. cxd4 cxd4 25. Rd1 Rfd8 26. Rd3 a5
27. h4 Rd7 28. g3 h5 29. a3 Rb5 30. Kg2 g6 31. b3 Kf7 32. Re4 Rdb7 33. Rdxd4
Rxb3 34. Rf4+ Kg7 35. Rd6 Rf7 36. Rxf7+ Kxf7 37. a4 Rb4 38. Kf3 Rxa4 39. Ra6
Ra2 40. Ke3 Ra4 41. f3 1/2-1/2

[Event "11. Europa ch 2010 Femenino"]
[Site "Rijeka CRO"]
[Date "2010.03.08"]
[Round "3.10"]
[White "Molchanova, Tatjana"]
[Black "Cramling, Pia"]
[Result "0-1"]
[WhiteElo "2369"]
[BlackElo "2523"]
[PlyCount "36"]
[EventDate "2010.03.06"]
[EventType "swiss"]
[EventRounds "11"]
[EventCountry "CRO"]
[Source "lmi"]
[SourceDate "2010.03.06"]

1. d4 Nf6 2. Nf3 e6 3. g3 b5 4. Bg2 d5 5. O-O Nbd7 6. Nbd2 Be7 7. c3 O-O 8. a4
b4 9. c4 a5 10. cxd5 exd5 11. Nb3 Ne4 12. Bf4 c5 13. dxc5 Ndxc5 14. Nfd4 Qb6
15. Nb5 Nxb3 16. Qxb3 Bb7 17. Rad1 Nc5 18. Be3 Qxb5 0-1

[Event "11. Europa ch 2010 Femenino"]
[Site "Rijeka CRO"]
[Date "2010.03.08"]
[Round "3.12"]
[White "Kachiani Gersinska, Ketino"]
[Black "Zhukova, Natalia"]
[Result "0-1"]
[WhiteElo "2346"]
[BlackElo "2492"]
[PlyCount "78"]
[EventDate "2010.03.06"]
[EventType "swiss"]
[EventRounds "11"]
[EventCountry "CRO"]
[Source "lmi"]
[SourceDate "2010.03.06"]

1. d4 Nf6 2. c4 e6 3. g3 c5 4. d5 exd5 5. cxd5 b5 6. Bg2 d6 7. Nf3 g6 8. e4 Bg7
9. e5 dxe5 10. Nxe5 Bb7 11. O-O O-O 12. Nc6 Qd7 13. Nc3 Nxc6 14. dxc6 Bxc6 15.
Qxd7 Bxd7 16. Bxa8 Rxa8 17. a4 b4 18. Nb5 a6 19. Nd6 Ng4 20. Nc4 Be6 21. Nb6
Re8 22. a5 Bd4 23. Kg2 Bf5 24. h3 Nf6 25. Bh6 Bxb2 26. Rae1 Be6 27. Be3 c4 28.
Na4 Ba3 29. Bd4 Nd5 30. Nc5 b3 31. Nxa6 Rc8 32. Be5 b2 33. Nb8 c3 34. a6 c2 35.
a7 Nb6 36. Bd4 Bd5+ 37. Kh2 c1=Q 38. Bxb6 b1=Q 39. Rxc1 Rxc1 0-1

[Event "11. Europa ch 2010 Femenino"]
[Site "Rijeka CRO"]
[Date "2010.03.08"]
[Round "3.14"]
[White "Hoang Thanh Trang"]
[Black "Gvetadze, Sopio"]
[Result "1/2-1/2"]
[WhiteElo "2487"]
[BlackElo "2342"]
[PlyCount "78"]
[EventDate "2010.03.06"]
[EventType "swiss"]
[EventRounds "11"]
[EventCountry "CRO"]
[Source "lmi"]
[SourceDate "2010.03.06"]

1. d4 e6 2. e4 d5 3. Nd2 c5 4. exd5 exd5 5. Bb5+ Nc6 6. Ngf3 cxd4 7. Nxd4 Bd7
8. N2f3 Nf6 9. O-O Be7 10. c3 O-O 11. Bd3 Re8 12. Re1 Bg4 13. Qa4 Nxd4 14. Nxd4
a6 15. Bg5 h6 16. Bh4 Nd7 17. Bxe7 Rxe7 18. Qb4 Ne5 19. Bf5 Bxf5 20. Nxf5 Re6
21. Re3 Qf6 22. Ng3 Rae8 23. Rd1 Rb6 24. Qa4 Ree6 25. b3 Ng6 26. Rxd5 Rxe3 27.
fxe3 Qxc3 28. Qe8+ Kh7 29. h3 Re6 30. Qxf7 Rxe3 31. Nf5 Re1+ 32. Kh2 Qa1 33.
Ng3 Re7 34. Qf5 Re5 35. Rxe5 Qxe5 36. Qe4 b5 37. a4 bxa4 38. bxa4 a5 39. Qc4
Qf4 1/2-1/2

[Event "11. Europa ch 2010 Femenino"]
[Site "Rijeka CRO"]
[Date "2010.03.08"]
[Round "3.15"]
[White "Borsuk, Angela"]
[Black "Cmilyte, Viktorija"]
[Result "0-1"]
[WhiteElo "2338"]
[BlackElo "2485"]
[PlyCount "86"]
[EventDate "2010.03.06"]
[EventType "swiss"]
[EventRounds "11"]
[EventCountry "CRO"]
[Source "lmi"]
[SourceDate "2010.03.06"]

1. d4 Nf6 2. Nf3 g6 3. c4 Bg7 4. Nc3 d5 5. e3 O-O 6. Be2 c5 7. O-O cxd4 8. exd4
Nc6 9. Bg5 dxc4 10. Bxc4 Bg4 11. d5 Bxf3 12. Qxf3 Ne5 13. Qe2 Qc7 14. Bb3 Neg4
15. g3 Nh6 16. Rac1 Qd7 17. Kg2 Nf5 18. Rfd1 Nd6 19. Re1 h6 20. Bf4 Nf5 21. Be5
h5 22. Ba4 Qd8 23. Red1 Bh6 24. Rc2 Ng4 25. Bd4 Qd6 26. h3 e5 27. hxg4 Nxd4 28.
Rxd4 exd4 29. Ne4 Qxd5 30. Qf3 Qa5 31. Bb3 hxg4 32. Nf6+ Kg7 33. Nxg4 Bg5 34.
Qxb7 Qf5 35. f3 Rab8 36. Qe4 Qxe4 37. fxe4 Rbc8 38. Rxc8 Rxc8 39. Ne5 f6 40.
Nd3 Be3 41. Kf3 Bh6 42. g4 Bc1 43. a4 Bxb2 0-1

[Event "11. Europa ch 2010 Femenino"]
[Site "Rijeka CRO"]
[Date "2010.03.08"]
[Round "3.16"]
[White "Dzagnidze, Nana"]
[Black "Zimina, Olga"]
[Result "1-0"]
[WhiteElo "2479"]
[BlackElo "2319"]
[PlyCount "99"]
[EventDate "2010.03.06"]
[EventType "swiss"]
[EventRounds "11"]
[EventCountry "CRO"]
[Source "lmi"]
[SourceDate "2010.03.06"]

1. d4 d5 2. c4 c6 3. Nf3 e6 4. Qb3 Nf6 5. g3 dxc4 6. Qxc4 b5 7. Qc2 Bb7 8. Bg2
Nbd7 9. a4 a6 10. Ne5 Nxe5 11. dxe5 Nd7 12. O-O Qb6 13. Be3 Bc5 14. axb5 axb5
15. Bxc5 Qxc5 16. Rxa8+ Bxa8 17. Qxc5 Nxc5 18. Rc1 Nb3 19. Rc3 Nd4 20. Kf1 Bb7
21. b4 Nf5 22. Bxc6+ Bxc6 23. Rxc6 Kd7 24. Rc5 Rb8 25. Na3 Nd4 26. f4 Nc6 27.
Nc2 Ne7 28. e4 Nc6 29. Ke2 Ra8 30. Kd3 Ra2 31. Kc3 Na7 32. Kb3 Ra6 33. Nd4 Rb6
34. f5 Kd8 35. Kc3 Kd7 36. Kd3 g6 37. Ke3 gxf5 38. exf5 exf5 39. Kf4 Rh6 40.
Rd5+ Kc7 41. h4 Ra6 42. Kxf5 Ra3 43. g4 Rh3 44. h5 Nc8 45. Kf6 Rh4 46. Nxb5+
Kb6 47. Nd6 Na7 48. Rd4 Nc6 49. Rf4 Nd8 50. Nxf7 1-0

[Event "11. Europa ch 2010 Femenino"]
[Site "Rijeka CRO"]
[Date "2010.03.08"]
[Round "3.17"]
[White "Manakova, Maria"]
[Black "Gaponenko, Inna"]
[Result "1/2-1/2"]
[WhiteElo "2315"]
[BlackElo "2472"]
[PlyCount "23"]
[EventDate "2010.03.06"]
[EventType "swiss"]
[EventRounds "11"]
[EventCountry "CRO"]
[Source "lmi"]
[SourceDate "2010.03.06"]

1. e4 c5 2. c3 Nf6 3. e5 Nd5 4. Nf3 Nc6 5. Bc4 e6 6. O-O d6 7. d4 cxd4 8. cxd4
Be7 9. Qe2 O-O 10. Nc3 Nxc3 11. bxc3 dxe5 12. dxe5 1/2-1/2

[Event "11. Europa ch 2010 Femenino"]
[Site "Rijeka CRO"]
[Date "2010.03.08"]
[Round "3.18"]
[White "Melia, Salome"]
[Black "Vega Gutierrez, Sabrina"]
[Result "1/2-1/2"]
[WhiteElo "2467"]
[BlackElo "2314"]
[PlyCount "21"]
[EventDate "2010.03.06"]
[EventType "swiss"]
[EventRounds "11"]
[EventCountry "CRO"]
[Source "lmi"]
[SourceDate "2010.03.06"]

1. e4 c5 2. Nf3 e6 3. d4 cxd4 4. Nxd4 Nc6 5. Nc3 a6 6. Nxc6 bxc6 7. Bd3 d5 8.
O-O Qc7 9. Re1 Bb7 10. Qf3 Bd6 11. e5 1/2-1/2

[Event "11. Europa ch 2010 Femenino"]
[Site "Rijeka CRO"]
[Date "2010.03.08"]
[Round "3.20"]
[White "Gunina, Valentina"]
[Black "Borosova, Zuzana"]
[Result "1-0"]
[WhiteElo "2457"]
[BlackElo "2307"]
[PlyCount "26"]
[EventDate "2010.03.06"]
[EventType "swiss"]
[EventRounds "11"]
[EventCountry "CRO"]
[Source "lmi"]
[SourceDate "2010.03.06"]

1. d4 Nf6 2. Nf3 e6 3. c4 c5 4. d5 exd5 5. cxd5 d6 6. Nc3 g6 7. g3 Bg7 8. Bg2
O-O 9. O-O Re8 10. Nd2 a6 11. a4 Nbd7 12. Nc4 Nb6 13. Na3 Bd7 1-0

[Event "11. Europa ch 2010 Femenino"]
[Site "Rijeka CRO"]
[Date "2010.03.08"]
[Round "3.25"]
[White "Kadziolka, Beata"]
[Black "Savina, Anastasia"]
[Result "1/2-1/2"]
[WhiteElo "2311"]
[BlackElo "2391"]
[PlyCount "20"]
[EventDate "2010.03.06"]
[EventType "swiss"]
[EventRounds "11"]
[EventCountry "CRO"]
[Source "lmi"]
[SourceDate "2010.03.06"]

1. d4 Nf6 2. c4 g6 3. Nc3 Bg7 4. e4 d6 5. Nf3 O-O 6. h3 e5 7. d5 Nh5 8. g3 f5
9. exf5 gxf5 10. Ng5 Nf6 1/2-1/2

[Event "11. Europa ch 2010 Femenino"]
[Site "Rijeka CRO"]
[Date "2010.03.08"]
[Round "3.26"]
[White "Purtseladze, Maka"]
[Black "Lomineishvili, Maia"]
[Result "1-0"]
[WhiteElo "2299"]
[BlackElo "2385"]
[PlyCount "50"]
[EventDate "2010.03.06"]
[EventType "swiss"]
[EventRounds "11"]
[EventCountry "CRO"]
[Source "lmi"]
[SourceDate "2010.03.06"]

1. d4 Nf6 2. c4 e6 3. Nf3 Bb4+ 4. Nbd2 b6 5. e3 Bb7 6. Bd3 O-O 7. O-O d5 8. a3
Bd6 9. b4 c5 10. bxc5 bxc5 11. cxd5 cxd4 12. e4 e5 13. Nc4 Re8 14. Nxd6 Qxd6
15. Nh4 g6 16. f4 Nbd7 17. Rb1 Ba6 18. fxe5 Nxe5 19. Bxa6 Qxa6 20. Qxd4 Rac8
21. Bb2 Rc4 22. Rxf6 Qxf6 23. Qxc4 Qxh4 24. Bxe5 Rxe5 25. d6 Qxe4 1-0

[Event "11. Europa ch 2010 Femenino"]
[Site "Rijeka CRO"]
[Date "2010.03.08"]
[Round "3.27"]
[White "Sargac, Rajna"]
[Black "Bojkovic, Natasa"]
[Result "0-1"]
[WhiteElo "2157"]
[BlackElo "2384"]
[PlyCount "74"]
[EventDate "2010.03.06"]
[EventType "swiss"]
[EventRounds "11"]
[EventCountry "CRO"]
[Source "lmi"]
[SourceDate "2010.03.06"]

1. d4 Nf6 2. e3 b6 3. Nf3 Bb7 4. Bd3 e6 5. O-O c5 6. b3 Be7 7. Bb2 O-O 8. Nbd2
d6 9. Re1 Nbd7 10. Qe2 Qc7 11. c3 d5 12. c4 cxd4 13. exd4 dxc4 14. bxc4 Bb4 15.
Ne5 Nxe5 16. dxe5 Qc6 17. f3 Nh5 18. Qe3 Bc5 19. Bd4 Bxd4 20. Qxd4 Rad8 21. Qe3
Qd7 22. Be4 Qxd2 23. Qxd2 Rxd2 24. Bxb7 Nf4 25. g3 Nh3+ 26. Kh1 Nf2+ 27. Kg1
Nh3+ 28. Kh1 Rfd8 29. f4 Nf2+ 30. Kg1 Nh3+ 31. Kh1 Nf2+ 32. Kg1 Nd3 33. Red1
Nc5 34. Rxd2 Rxd2 35. Bg2 Rc2 36. Kf1 Kf8 37. a4 a5 0-1

[Event "11. Europa ch 2010 Femenino"]
[Site "Rijeka CRO"]
[Date "2010.03.08"]
[Round "3.28"]
[White "Calzetta Ruiz, Monica"]
[Black "Galojan, Lilit"]
[Result "0-1"]
[WhiteElo "2296"]
[BlackElo "2380"]
[PlyCount "61"]
[EventDate "2010.03.06"]
[EventType "swiss"]
[EventRounds "11"]
[EventCountry "CRO"]
[Source "lmi"]
[SourceDate "2010.03.06"]

1. e4 c5 2. Nc3 d6 3. f4 Nc6 4. Nf3 g6 5. Bc4 Bg7 6. O-O e6 7. d3 Nge7 8. a3
O-O 9. Qe1 Nd4 10. Nxd4 cxd4 11. Nd1 d5 12. Bb3 dxe4 13. dxe4 d3 14. Be3 b6 15.
Nc3 dxc2 16. Bxc2 Ba6 17. Rd1 Qc7 18. Rf3 Rfd8 19. Rc1 Nc6 20. Ba4 Nd4 21. Rf2
Qb7 22. Rd2 b5 23. Bd1 b4 24. axb4 Qxb4 25. Ra1 Bb5 26. Nxb5 Qxb5 27. e5 Nb3
28. Rxd8+ Rxd8 29. Rxa7 Nc5 30. Be2 Qb8 31. Bf3 0-1

[Event "11. Europa ch 2010 Femenino"]
[Site "Rijeka CRO"]
[Date "2010.03.08"]
[Round "3.30"]
[White "Javakhishvili, Lela"]
[Black "Solic, Kristina"]
[Result "1-0"]
[WhiteElo "2500"]
[BlackElo "2192"]
[PlyCount "49"]
[EventDate "2010.03.06"]
[EventType "swiss"]
[EventRounds "11"]
[EventCountry "CRO"]
[Source "lmi"]
[SourceDate "2010.03.06"]

1. d4 d5 2. c4 c6 3. Nf3 Nf6 4. e3 e6 5. Bd3 Nbd7 6. Nbd2 b6 7. O-O Bb7 8. b3
dxc4 9. bxc4 Bd6 10. Bb2 Qc7 11. e4 e5 12. c5 bxc5 13. dxe5 Nxe5 14. Bxe5 Bxe5
15. Nxe5 Qxe5 16. Nc4 Qc7 17. e5 Nd7 18. Nd6+ Kf8 19. f4 Rd8 20. Qc2 h5 21. Qc4
Nb6 22. Qxc5 Kg8 23. Be4 Rh6 24. Rfd1 Bc8 25. Nb5 1-0

[Event "11. Europa ch 2010 Femenino"]
[Site "Rijeka CRO"]
[Date "2010.03.08"]
[Round "3.31"]
[White "Tarasova, Viktoriya"]
[Black "Mkrtchian, Lilit"]
[Result "1/2-1/2"]
[WhiteElo "2261"]
[BlackElo "2503"]
[PlyCount "42"]
[EventDate "2010.03.06"]
[EventType "swiss"]
[EventRounds "11"]
[EventCountry "CRO"]
[Source "lmi"]
[SourceDate "2010.03.06"]

1. d4 d5 2. c4 e6 3. Nc3 Be7 4. cxd5 exd5 5. Bf4 Nf6 6. e3 c6 7. Bd3 Bd6 8.
Nge2 Bxf4 9. Nxf4 O-O 10. O-O Qd6 11. h3 Re8 12. Qc2 Nbd7 13. Rab1 Nf8 14. b4
a6 15. a4 b5 16. Rfc1 Bd7 17. Bf5 Ng6 18. Bxd7 Nxd7 19. Nce2 Re7 20. a5 Nf6 21.
Nd3 Qc7 1/2-1/2

[Event "11. Europa ch 2010 Femenino"]
[Site "Rijeka CRO"]
[Date "2010.03.08"]
[Round "3.33"]
[White "Toma, Katarzyna"]
[Black "Dembo, Yelena"]
[Result "0-1"]
[WhiteElo "2259"]
[BlackElo "2457"]
[PlyCount "68"]
[EventDate "2010.03.06"]
[EventType "swiss"]
[EventRounds "11"]
[EventCountry "CRO"]
[Source "lmi"]
[SourceDate "2010.03.06"]

1. e4 c5 2. Nf3 Nc6 3. d4 cxd4 4. Nxd4 Nf6 5. Nc3 d6 6. Bg5 e6 7. Qd2 a6 8.
O-O-O Bd7 9. f3 h6 10. Be3 b5 11. Nxc6 Bxc6 12. Ne2 Qc7 13. Kb1 Bb7 14. Nd4 Nd7
15. Bd3 Ne5 16. Rhe1 Be7 17. Qf2 O-O 18. g4 d5 19. exd5 Nxd3 20. Rxd3 Bxd5 21.
Nb3 b4 22. Bb6 Qc4 23. f4 a5 24. Qd2 a4 25. Nc1 Qa6 26. Bd4 b3 27. cxb3 axb3
28. a3 Qb7 29. Rde3 Rfc8 30. Bc3 Ra4 31. Qe2 Rxf4 32. Nd3 Ra4 33. Nb4 Bxb4 34.
Bxb4 Rxb4 0-1

[Event "11. Europa ch 2010 Femenino"]
[Site "Rijeka CRO"]
[Date "2010.03.08"]
[Round "3.36"]
[White "Drljevic, Ljilja"]
[Black "Majdan, Joanna"]
[Result "0-1"]
[WhiteElo "2248"]
[BlackElo "2364"]
[PlyCount "95"]
[EventDate "2010.03.06"]
[EventType "swiss"]
[EventRounds "11"]
[EventCountry "CRO"]
[Source "lmi"]
[SourceDate "2010.03.06"]

1. e4 c5 2. d3 Nc6 3. g3 g6 4. Bg2 Bg7 5. f4 d6 6. Nf3 Nf6 7. c3 Rb8 8. h3 b5
9. a3 O-O 10. O-O a5 11. Be3 b4 12. axb4 axb4 13. g4 bxc3 14. bxc3 Nd7 15. Qe1
e6 16. Na3 Ba6 17. Qd2 Rb3 18. Rfc1 Qb6 19. Nc4 Bxc4 20. dxc4 Na5 21. Qd3 Qc7
22. Ra2 Rd8 23. Nd2 Rbb8 24. Ra3 Rb2 25. Rca1 Nc6 26. Ra6 Ndb8 27. Ra8 g5 28.
f5 Qe7 29. R1a2 Rxa2 30. Rxa2 Ne5 31. Qf1 Nbc6 32. Nb1 Rb8 33. Na3 Na5 34. Rf2
Nd7 35. Nb5 h6 36. Ra2 Nc6 37. Ra6 Nb6 38. Ra2 Ne5 39. Ra7 Qd8 40. fxe6 fxe6
41. Nc7 Qc8 42. Qc1 Nc6 43. e5 Nxa7 44. exd6 Nxc4 45. Bxc5 Nb5 46. Na6 Qxa6 47.
Qe1 Qc8 48. Bd4 0-1

[Event "11. Europa ch 2010 Femenino"]
[Site "Rijeka CRO"]
[Date "2010.03.08"]
[Round "3.37"]
[White "Worek, Joanna"]
[Black "Girya, Olga"]
[Result "1/2-1/2"]
[WhiteElo "2245"]
[BlackElo "2362"]
[PlyCount "71"]
[EventDate "2010.03.06"]
[EventType "swiss"]
[EventRounds "11"]
[EventCountry "CRO"]
[Source "lmi"]
[SourceDate "2010.03.06"]

1. d4 Nf6 2. c4 e6 3. Nf3 Bb4+ 4. Nbd2 b6 5. a3 Bxd2+ 6. Bxd2 Bb7 7. Bg5 d6 8.
e3 Nbd7 9. Be2 Qe7 10. b4 h6 11. Bh4 a5 12. Rc1 axb4 13. axb4 O-O 14. O-O Ra2
15. c5 bxc5 16. bxc5 dxc5 17. Ne5 cxd4 18. Rxc7 Qd6 19. Rxb7 Qxe5 20. Bg3 Qa5
21. exd4 Rc8 22. Bb5 Nb6 23. Bd3 Nbd5 24. Be5 Rd2 25. Qe1 Qc3 26. Bb1 h5 27. h3
Rd8 28. Rb3 Qxb3 29. Qxd2 Rc8 30. Qg5 Kf8 31. Bh7 Qa3 32. Re1 Qb4 33. Rb1 Qa3
34. Re1 Qb4 35. Rb1 Qa3 36. Re1 1/2-1/2

[Event "11. Europa ch 2010 Femenino"]
[Site "Rijeka CRO"]
[Date "2010.03.08"]
[Round "3.38"]
[White "Motoc, Alina"]
[Black "Videnova, Iva"]
[Result "1-0"]
[WhiteElo "2348"]
[BlackElo "2258"]
[PlyCount "69"]
[EventDate "2010.03.06"]
[EventType "swiss"]
[EventRounds "11"]
[EventCountry "CRO"]
[Source "lmi"]
[SourceDate "2010.03.06"]

1. d4 Nf6 2. c4 e5 3. dxe5 Ng4 4. Bf4 g5 5. Bg3 Nc6 6. Nf3 Qe7 7. Nc3 Ngxe5 8.
Nxe5 Nxe5 9. Nd5 Qb4+ 10. Qd2 Qxd2+ 11. Kxd2 Bd6 12. c5 c6 13. cxd6 Nc4+ 14.
Kc3 cxd5 15. e4 b5 16. exd5 Bb7 17. Re1+ Kd8 18. Bxc4 Rc8 19. b3 bxc4 20. bxc4
Bxd5 21. Kd4 Be6 22. c5 Rb8 23. Rb1 Kc8 24. c6 Rxb1 25. cxd7+ Kxd7 26. Rxb1
Bxa2 27. Rb7+ Kc6 28. Rxa7 Be6 29. Ke5 Rc8 30. Kf6 Kb6 31. Re7 Rg8 32. Rc7 Rg6+
33. Ke7 f5 34. Be5 f4 35. d7 1-0

[Event "11. Europa ch 2010 Femenino"]
[Site "Rijeka CRO"]
[Date "2010.03.08"]
[Round "3.39"]
[White "Kashlinskaya, Alina"]
[Black "Fakhiridou, Ekaterini"]
[Result "1-0"]
[WhiteElo "2332"]
[BlackElo "2252"]
[PlyCount "115"]
[EventDate "2010.03.06"]
[EventType "swiss"]
[EventRounds "11"]
[EventCountry "CRO"]
[Source "lmi"]
[SourceDate "2010.03.06"]

1. d4 Nf6 2. c4 c5 3. d5 e5 4. Nc3 d6 5. e4 Be7 6. g3 O-O 7. Bg2 Ne8 8. Nge2
Nd7 9. O-O g6 10. Bh6 Ng7 11. Qd2 Nf6 12. h3 Kh8 13. Rae1 Ng8 14. Be3 a6 15. a4
Bd7 16. f4 Bf6 17. g4 exf4 18. Bxf4 Qe7 19. Nc1 Bd4+ 20. Kh1 f6 21. Nd3 Ne8 22.
a5 b6 23. axb6 Rb8 24. b4 cxb4 25. Nxb4 Bxb6 26. Nxa6 Rc8 27. c5 Bxc5 28. Nxc5
Rxc5 29. Be3 Rc8 30. Bd4 h6 31. Ne2 Kh7 32. Nf4 Ng7 33. Qd3 Qe8 34. Rb1 Ne7 35.
Bf3 Kg8 36. Qa6 g5 37. Ng2 Rd8 38. Be2 Bc8 39. Qa2 Qg6 40. Bd3 h5 41. Ne3 Qh6
42. Qh2 Ne8 43. Be2 Qh7 44. Bf3 Ba6 45. Rfd1 h4 46. Ra1 Bc8 47. Ra7 Rd7 48. Ra8
Nc7 49. Rb8 Rdd8 50. Rc1 Ng6 51. Bb6 Rd7 52. Qc2 Ne5 53. Bg2 Ba6 54. Rxf8+ Kxf8
55. Bxc7 Bd3 56. Qf2 Rxc7 57. Qxf6+ Kg8 58. Qd8+ 1-0

[Event "11. Europa ch 2010 Femenino"]
[Site "Rijeka CRO"]
[Date "2010.03.08"]
[Round "3.41"]
[White "Gromova, Iulia"]
[Black "Zakurdjaeva, Irina"]
[Result "0-1"]
[WhiteElo "2226"]
[BlackElo "2313"]
[PlyCount "62"]
[EventDate "2010.03.06"]
[EventType "swiss"]
[EventRounds "11"]
[EventCountry "CRO"]
[Source "lmi"]
[SourceDate "2010.03.06"]

1. d4 Nf6 2. c4 e6 3. Nf3 b6 4. g3 Ba6 5. b3 Bb4+ 6. Bd2 Be7 7. Bg2 c6 8. Bc3
d5 9. Ne5 Nfd7 10. Nxd7 Nxd7 11. Nd2 O-O 12. O-O f5 13. Bb2 Nf6 14. Qc1 Rc8 15.
Re1 c5 16. e3 b5 17. dxc5 Bxc5 18. Qc3 bxc4 19. bxc4 Bb6 20. Qe5 dxc4 21. Qxe6+
Kh8 22. Bc3 Qd3 23. Qe5 Rfe8 24. Bf1 Qd7 25. Qf4 Nd5 26. Bxg7+ Qxg7 27. Qxf5
Nxe3 28. Qh5 Re5 29. Qh4 Nxf1 30. Nxf1 c3 31. Rad1 c2 0-1

[Event "11. Europa ch 2010 Femenino"]
[Site "Rijeka CRO"]
[Date "2010.03.08"]
[Round "3.42"]
[White "Mammadova, Gulnar"]
[Black "Franciskovic, Borka"]
[Result "1-0"]
[WhiteElo "2299"]
[BlackElo "2245"]
[PlyCount "111"]
[EventDate "2010.03.06"]
[EventType "swiss"]
[EventRounds "11"]
[EventCountry "CRO"]
[Source "lmi"]
[SourceDate "2010.03.06"]

1. e4 c6 2. d4 d5 3. e5 c5 4. dxc5 Nc6 5. Bb5 e6 6. Be3 Nge7 7. c3 Bd7 8. Bxc6
Nxc6 9. f4 Qc7 10. Nf3 Na5 11. b4 Nc4 12. Bd4 b6 13. cxb6 axb6 14. O-O Be7 15.
Nbd2 Ra3 16. Nxc4 Qxc4 17. Rf2 O-O 18. Nd2 Qc7 19. Nb1 Ra4 20. a3 f6 21. exf6
Bxf6 22. Bxf6 Rxf6 23. Qd4 Ra8 24. Raa2 Raf8 25. g3 Be8 26. a4 Bg6 27. Na3 Qc6
28. b5 Qc7 29. Rae2 Rc8 30. Re3 Bf5 31. Nc2 Bxc2 32. Rxc2 Qd6 33. Ra2 Rc4 34.
Qd3 Qc7 35. f5 Rxf5 36. Rxe6 Qc5+ 37. Kg2 d4 38. Qe4 Qd5 39. cxd4 Qxe4+ 40.
Rxe4 Rd5 41. Kf3 Rdxd4 42. Rxd4 Rxd4 43. Ke3 Rd1 44. Rc2 h5 45. Rc4 Kh7 46. h4
g6 47. Kf4 Rg1 48. Rc3 Ra1 49. Kg5 Rxa4 50. Rc7+ Kg8 51. Kxg6 Rg4+ 52. Kxh5
Rxg3 53. Rc6 Rg1 54. Rg6+ Rxg6 55. Kxg6 Kf8 56. Kf6 1-0

[Event "11. Europa ch 2010 Femenino"]
[Site "Rijeka CRO"]
[Date "2010.03.08"]
[Round "3.44"]
[White "Kursova, Maria"]
[Black "Jelica, Mara"]
[Result "1-0"]
[WhiteElo "2296"]
[BlackElo "2235"]
[PlyCount "65"]
[EventDate "2010.03.06"]
[EventType "swiss"]
[EventRounds "11"]
[EventCountry "CRO"]
[Source "lmi"]
[SourceDate "2010.03.06"]

1. d4 d5 2. Nf3 Nc6 3. Bf4 Bg4 4. e3 e6 5. c4 Bb4+ 6. Nc3 Nf6 7. Rc1 Ne4 8. Bd3
O-O 9. cxd5 exd5 10. O-O f5 11. Nxd5 Bd6 12. Be2 Kh8 13. Nd2 Bxe2 14. Qxe2 Qh4
15. Bxd6 cxd6 16. Nf3 Qg4 17. b4 Rae8 18. b5 Nd8 19. h3 Qh5 20. Nf4 Qh6 21. Nd2
g5 22. Nd5 g4 23. Nxe4 Rxe4 24. f3 gxf3 25. Rxf3 Ne6 26. Qf1 Qg5 27. Rc2 Rh4
28. Rcf2 Ng7 29. Nf4 Rh6 30. Qc4 Qe7 31. a4 Ne8 32. d5 Ng7 33. Qd4 1-0